Dotovať poľnohospodárstvo znamená brať inde
Poľnohospodárstvo a jeho postavenie v ekonomickej štruktúre krajín strednej a východnej Európy - téma medzinárodného seminára (Nitra 1994). Závery seminára.
Gespeichert in:
| 1. Verfasser: | |
|---|---|
| Format: | Buchkapitel |
| Sprache: | Slowakisch |
| Schlagworte: | |
| Tags: |
Keine Tags, Fügen Sie das erste Tag hinzu!
|
MARC
| LEADER | 00000naa a2200000 4500 | ||
|---|---|---|---|
| 001 | r015920 | ||
| 005 | 20221205091116.6 | ||
| 041 | 0 | |a slo | |
| 044 | |a SK | ||
| 245 | 1 | 0 | |a Dotovať poľnohospodárstvo znamená brať inde |c Ladislav Kabát |
| 520 | |a Poľnohospodárstvo a jeho postavenie v ekonomickej štruktúre krajín strednej a východnej Európy - téma medzinárodného seminára (Nitra 1994). Závery seminára. | ||
| 610 | 2 | 0 | |a poľnohospodárstvo |
| 610 | 2 | 0 | |a dotácie |
| 610 | 2 | 0 | |a stredná Európa |
| 610 | 2 | 0 | |a východná Európa |
| 610 | 2 | 0 | |a transformácia |
| 610 | 2 | 0 | |a konferencie |
| 610 | 2 | 0 | |a Nitra |
| 610 | 2 | 0 | |a 1994 |
| 610 | 2 | 0 | |a Východ |
| 610 | 2 | 0 | |a Západ |
| 100 | 1 | |a Kabát, Ladislav | |